000 00263nam a2200097Ia 4500
001 654824
005 20250826154525.0
008 250824s9999 xx 000 0 und d
245 0 _aKURTULUŞUN KAHRAMANLARI 6 ŞAHİN BEY
_cİSMAİL BİLGİN
260 _bTİMAŞ ÇOCUK
999 _c654824
_d654824